| 000 | 01288nam0a2200301 4500 | ||
|---|---|---|---|
| 001 | RU\NLR\b_ik\192219 | ||
| 005 | 20260408052953.0 | ||
| 010 |
_a978-5-317-03766-6 _9600 |
||
| 035 | _a(NLR Aleph) 002264664 | ||
| 090 |
_a3867197 _c3867197 |
||
| 100 | _a20111027d2011 |||y0rusy50 ca | ||
| 101 | 0 | _aeng | |
| 102 | _aRU | ||
| 105 | _aa ||||||||| | ||
| 200 | 1 |
_aBook of abstracts _fMoscow intern. symposium on magnetism, dedicated to the 80th anniversary of Magnetism dep. a. the centenary of Konstantin Belov, M.V. Lomonosov state univ., Fac. of physics, Aug. 21-25, 2011 _ged.: N. Perov [et al.] |
|
| 210 |
_aMoscow _cМАКС Пресс _d2011 |
||
| 215 |
_a944 с. _cил. _d22 |
||
| 320 | _aБиблиогр. в конце докл. | ||
| 320 | _aУказ.: с. 917-944 | ||
| 606 | 1 |
_aМагнетизм _jТезисы докладов _9990569 _3RU\NLR\AUTH\6656160 |
|
| 686 | 1 | _aВ334я431(0) | |
| 702 | 1 |
_aPerov _bN. _4340 |
|
| 710 | 1 | 2 |
_8eng _aMoscow international symposium on magnetism _f2011 _7ba _3RU\NLR\AUTH\8810199129 _9286872 |
| 801 | 0 |
_aRU _bNLR _c20111027 _gRCR |
|
| 830 | _aСборник тезисов: Московский международный симпозиум по магнетизму (21-25 авг. 2011 г.) | ||
| 942 | _cBOOK | ||
| 980 | _aNB | ||